Logo biblioteca
Santa Fe 2917, Rosario, Santa Fe
Lu-Vi 8 a 19.45
+54-341-4232362
bibliotecaeudoro@gmail.com
Facebook Biblioteca Pedagógica
Sitio web

Exploradores y purificadores del agua: (Registro nro. 32469)

Detalles MARC
000 -CABECERA
campo fijo de control de longitud 01589nab a2200265 4500
003 - IDENTIFICADOR DEL NÚMERO DE CONTROL
campo de control AR-RoBPED
005 - FECHA Y HORADE LA ULTIMA TRANSACCION
campo de control 20260326111904.0
008 - ELEMENTOS DE LONGITUD FIJA--INFORMACION GENERAL
campo fijo de control de longitud 260326b |||||||| |||| 00| 0 spa d
040 ## - FUENTE CATALOGADORA
Centro catalogador/agencia de origen AR-RoBPED
041 ## - IDIOMA
Código de idioma para texto/pista de sonido o título independiente spa
100 1# - ENCABEZAMIENTO PRINCIPAL--AUTOR PERSONAL
Nombre de persona Zabalegui, María Fernanda
9 (RLIN) 23265
Función Doctora en Enseñanza de las Ciencias Naturales
245 1# - TITULO
Título Exploradores y purificadores del agua:
Subtítulo una propuesta de articulación entre la universidad y el nivel inicial /
260 ## - PUBLICACION
Lugar Buenos Aires :
Editor Noveduc,
Fecha 2025
300 ## - DESCRIPCION FISICA
Extensión 20-25 p.
500 ## - NOTA GENERAL
Nota general Se comparte una propuesta de articulación entre la universidad y el nivel Inicial que se enmarca en el enfoque de la enseñanza por indagación de las Ciencias Naturales. Se inició con una visita al Balneario Municipal de la ciudad, a partir de la cual se planificó un taller para acercar a los niños a las Ciencias Naturales y, con ello, a las competencias o habilidades propias del pensamiento científico. Esta propuesta posibilitó, además, poner a prueba los modelos actuales de enseñanza que se promueven en la formación docente.
650 #7 - TERMINO DE MATERIA--CONTROLADO
Término controlado NIVEL INICIAL
9 (RLIN) 1213
Término controlado PRACTICA PROFESIONAL DOCENTE
9 (RLIN) 23734
Término controlado APRENDIZAJE
9 (RLIN) 560
Término controlado CIENCIAS NATURALES
9 (RLIN) 535
700 1# - ENCABEZAMIENTO SECUNDARIO--AUTOR PERSONAL
Nombre de persona Díaz, Fabricio Héctor
9 (RLIN) 30653
Función Profesor en Biología
Nombre de persona Márquez, Graciela
9 (RLIN) 30654
Función Profesora en Educación Especial
773 0# - DOCUMENTO FUENTE
Host Biblionumber 20414
Host Itemnumber 41863
Place, publisher, and date of publication Buenos Aires : Noveduc, 1993-
Título Novedades Educativas
Record control number (AR-RoBPED)20414
International Standard Serial Number 03283534
942 ## - ELEMENTOS KOHA
Fuente de clasificación Universal Decimal Classification
Koha tipo de ítem Revistas
Clasificación 37(05)
Signatura librística Nov 86 N° 403 (Ago.2025)
Número Koha k.32469
945 ## - PROCESAMIENTO DE LA INFORMACIÓN LOCAL
Catalogador y fecha mar 03/2026

No hay ítems disponibles.